1458 1180 1851 1923 1580 1855 1143 1853 1175 1981 1432 1089 1848 1811 1202 1457 1820 1530 1052 1247 1960 1104 1630 1145 1901 1942 1208 1196 1140 1237 1553 1002 1332 1043 1986 1017 1393 1048 1078 1829 1318 1311 1801 1583 1514 1283 1515 1440 1819 1232 1775 1750 1372 1191 1991 1429 1790 1836 1247 1532 1238 1828 1101 1601 1751 1726 1083 1693 1273 1906 1903 1573 1074 1284 1827 1083 1632 1819 1179 1655 1252 1455 1856 1792 1030 1392 1031 1627 1373 1428 1728 1264 1423 1094 1502 1531 1129 1090 1133 BCNSPRNW ULIB Ver.6.0+V

เปลี่ยนเป็นภาษาไทย

Change to English
 แสดงรายละเอียดบรรณานุกรม
  กลับหน้าหลัก

Brief Record : Get Marc (ISO 2709) : E-mail record : QR code < ปิดหน้าต่าง
LEADER : 00000nam 2200000uu 4500
001    13399124962
003     ULIB
008    160526s2557||||th 000 0 tha d
020    ^a9786169222002
060  4 ^aWO700 ^bต367
245 00 ^aตำราศัลยศาสตร์อุบัติเหตุ 18 :^bTrauma management for general practitioner /^cบรรณาธิการ, ชาญเวช ศรัทธาพุทธ, เรวัต ชุณหสุวรรณกุล.
246 31 ^aTrauma management for general practitioner.
250    ^aพิมพ์ครั้งที่ 1
260    ^aกรุงเทพฯ :^bสมาคมแพทย์อุบัติเหตุแห่งประเทศไทย,^c2557.
300    ^aก-ซ, 342 หน้า :^bภาพประกอบ ;^c22 ซม.
650  7 ^aบาดแผลและบาดเจ็บ ^xศัลยกรรม
650  7 ^aศัลยกรรมอุบัติเหตุ
650  7 ^aภาวะฉุกเฉินทางการแพทย์
700 0  ^aชาญเวช ศรัทธาพุทธ,^eบรรณาธิการ.
700 0  ^aเรวัต ชุณหสุวรรณกุล,^eบรรณาธิการ.
710 2  ^aสมาคมแพทย์อุบัติเหตุแห่งประเทศไทย.
945    ^p0^l0^i23648
945    ^p0^l0^i23649
999    ^aทศพร เกษรทอง
รายการนี้ยังไม่มีแท็ก
คุณยังไม่ได้ล็อกอิน คุณสามารถมีกิจกรรมร่วมกับเว็บไซต์ได้ แต่ต้องล็อกอินก่อน ::
  ล็อกอิน

รายการสื่อสารสนเทศ

ลำดับที่ ประเภท เลขเรียก/บาร์โค้ด สถานที่ สถานะ
1. วิทยาศาสตร์การแพทย์ และสุขภาพ
วิทยาศาสตร์การแพทย์ และสุขภาพ
สถานะ=หนังสือเก่า
WO700 ต367 ฉ.1 
  Barcode: 23648
ห้องสมุดวิทยาเขตนครสวรรค์
►ส่วนจัดเก็บหนังสือเก่า นว.
บนชั้น
  ขอยืม
2. วิทยาศาสตร์การแพทย์ และสุขภาพ
วิทยาศาสตร์การแพทย์ และสุขภาพ
สถานะ=หนังสือเก่า
WO700 ต367 ฉ.2 
  Barcode: 23649
ห้องสมุดวิทยาเขตนครสวรรค์
►ส่วนจัดเก็บหนังสือเก่า นว.
บนชั้น
  ขอยืม

รายการใกล้เคียง
    หัวเรื่อง [ศัลยกรรมอุบัติเหตุ]
    หัวเรื่อง [ภาวะฉุกเฉินทางการแพทย์]

BibComment


ยังไม่เคยถูกคอมเมนท์

คอมเมนท์ทรัพยากรรายการนี้
  คอมเมนท์: ตำราศัลยศาสตร์อุ..


 Copyright 2026. Bcnsprnw @Library